000
00447nam a2200181Ia 4500
008
090124s9999 xx 000 0 und d
082
_b
114130
100
_a
पै शिरीष
245
_a
हृदयरंग
250
_a
1
260
_c
1971
300
_a
148
600
_a
पै शिरीष
630
_a
हृदयरंग
700
_a
पै शिरीष
730
_a
हृदयरंग
942
_c
BOOK
999
_c
160221
_d
160221